00522 2200205 4500001002100000005001500021035002000036007000300056008004100059020002200100082001200122084001800134100001300152245003700165250001100202260004400213300003400257650001400291990001100305INLIS00000000000144820180207105041 a0010-0218000043ta180207 g 0 ind  a978-979-012-219-2 a664.028 a664.028 SUR i0 aSURTINAH1 aInspirasi Wadaah Kue /cSurtinah acet. 1 aSurabaya :bPt Trubus Agrisarana,c2010 a72 Hlm :b.ilus ;c18 x 21 cm aWadah Kue a13.033